| 000 | 00869nas a2200313 4500 | ||
|---|---|---|---|
| 001 | BR0102674 | ||
| 003 | BR-BrBNA | ||
| 005 | 20231205102253.0 | ||
| 007 | ta | ||
| 008 | 230509b bl.|||p| |||| 00| 00por d | ||
| 040 |
_aBR-BrBNA _bpor _cBiblioteca Nacional de Agricultura |
||
| 041 | _a(Pt) | ||
| 072 | _aL72 | ||
| 100 | 1 | _aGraminha, E.B.N. | |
| 100 | 1 | _aSouza, L.M. | |
| 100 | 1 | _aScarpelli, L.C. | |
| 100 | 1 | _aSoares, V.E. | |
| 100 | 1 | _aCosta, A.J. | |
| 100 | 1 | _aMarchiori Filho, M. | |
| 245 | 1 | _aEfetividade endectocida do abamectin 0,5 por cento em bovinos | |
| 650 | _aBovino | ||
| 650 | _aNematoide | ||
| 650 | _aMosca | ||
| 650 | _aCarrapato | ||
| 650 | _aMedicamento | ||
| 773 | 0 |
_tARS Veterinaria (Brazil) _xISSN 0102-6380 _g(Dec 1999), v. 15(supl.) p. 12-17 _wBR0102674 |
|
| 909 |
_a202311 _bLúcia _c55 _dLúcia Elande |
||
| 942 |
_2AGRIS _n0 _cANA |
||
| 999 |
_c166688 _d166688 |
||